书目信息 |
| 题名: |
专家系统工具ESTA及其应用
|
|
| 作者: | 崔奇明 编著 | |
| 分册: | ||
| 出版信息: | 沈阳 东北大学出版社 2014 |
|
| 页数: | 243页 | |
| 开本: | 26cm | |
| 丛书名: | ||
| 单 册: | ||
| 中图分类: | TP182 | |
| 科图分类: | ||
| 主题词: | 专家系统 | |
| 电子资源: | ||
| ISBN: | 978-7-5517-0644-5 | |
| 000 | 01061nam0 2200241 450 | |
| 001 | 012015000315 | |
| 005 | 20150914090130.96 | |
| 010 | @a978-7-5517-0644-5@dCNY45.00 | |
| 100 | @a20150310d2014 em y0chiy50 ea | |
| 101 | 0 | @achi |
| 102 | @aCN@b210000 | |
| 105 | @ay z 000yy | |
| 106 | @ar | |
| 200 | 1 | @a专家系统工具ESTA及其应用@Azhuan jia xi tong gong ju ESTA ji qi ying yong@e基于Visual Prolog及Internet/Intranet@f崔奇明[等]编著 |
| 210 | @a沈阳@c东北大学出版社@d2014 | |
| 215 | @a243页@d26cm | |
| 304 | @a编著者还有:李友红、崔舒婷、李琦诺 | |
| 330 | @a本书介绍了专家系统原理、专家系统工具ESTA等,并给出了较多的示例。全书共分三部分:第一部分(第1章)简述人工智能、专家系统、专家系统工具、诊断问题求解、知识表示、Visual Prolog语言;第二部分(第2-4章)论述专家系统工具ESTA及ESTA应用范例分析;第三部分(第5-9章)介绍基于VisualProlog的专家系统、基于Web的专家系统的应用研究、ESTA汉化及定制过程等。 | |
| 606 | 0 | @a专家系统 |
| 690 | @aTP182@v5 | |
| 701 | 0 | @a崔奇明@Acui qi ming@4编著 |
| 801 | 0 | @aCN@b碧洲教育@c20150716 |
| 905 | @a10447@f4@dTP182@e99 | |
| 专家系统工具ESTA及其应用:基于Visual Prolog及Internet/Intranet/崔奇明[等]编著.-沈阳:东北大学出版社,2014 |
| 243页;26cm |
| ISBN 978-7-5517-0644-5:CNY45.00 |
| 本书介绍了专家系统原理、专家系统工具ESTA等,并给出了较多的示例。全书共分三部分:第一部分(第1章)简述人工智能、专家系统、专家系统工具、诊断问题求解、知识表示、Visual Prolog语言;第二部分(第2-4章)论述专家系统工具ESTA及ESTA应用范例分析;第三部分(第5-9章)介绍基于VisualProlog的专家系统、基于Web的专家系统的应用研究、ESTA汉化及定制过程等。 |
| ● |
| 相关链接 |
|
|
|
|
正题名:专家系统工具ESTA及其应用
索取号:TP182/99
 
预约/预借
| 序号 | 登录号 | 条形码 | 馆藏地/架位号 | 状态 | 备注 |
| 1 | 0849777 | 208497777 | 第二样本阅览室/ [索取号:TP182/99] | 在馆 | |
| 2 | 0849778 | 208497786 | 密集书库—计算机科学学院/ [索取号:TP182/99] | 在馆 | |
| 3 | 0849779 | 208497795 | 第三借阅区/ [索取号:TP182/99] | 在馆 | |
| 4 | 0849780 | 208497802 | 第三借阅区/ [索取号:TP182/99] | 在馆 |